000150180 001__ 150180
000150180 005__ 20251017144549.0
000150180 0247_ $$2doi$$a10.60611/cche.vi10.141
000150180 0248_ $$2sideral$$a142450
000150180 037__ $$aART-2018-142450
000150180 041__ $$aspa
000150180 100__ $$0(orcid)0000-0003-3459-5965$$aPallarés Jiménez, Miguel Ángel$$uUniversidad de Zaragoza
000150180 245__ $$aUn modelo para la protección, conservación y divulgación del libro y el grabado chileno: el marco legal del patrimonio histórico español
000150180 260__ $$c2018
000150180 5060_ $$aAccess copy available to the general public$$fUnrestricted
000150180 540__ $$9info:eu-repo/semantics/openAccess$$aby-nc-nd$$uhttps://creativecommons.org/licenses/by-nc-nd/4.0/deed.es
000150180 655_4 $$ainfo:eu-repo/semantics/article$$vinfo:eu-repo/semantics/publishedVersion
000150180 7102_ $$14006$$2210$$aUniversidad de Zaragoza$$bDpto. Didác.Leng.y CC.HH.y SS.$$cÁrea Didáctica Ciencias Socia.
000150180 773__ $$g10 (2018), 77-100$$pCuad. chil. hist. educ.$$tCuadernos chilenos de historia de la educacio´n$$x2810-627X
000150180 8564_ $$s2293076$$uhttps://zaguan.unizar.es/record/150180/files/texto_completo.pdf$$yVersión publicada
000150180 8564_ $$s901605$$uhttps://zaguan.unizar.es/record/150180/files/texto_completo.jpg?subformat=icon$$xicon$$yVersión publicada
000150180 909CO $$ooai:zaguan.unizar.es:150180$$particulos$$pdriver
000150180 951__ $$a2025-10-17-14:11:20
000150180 980__ $$aARTICLE